00595 2200193 4500245008100000020001800081250001100099100001800110700002200128650001700150005001900167260004200186041001400228084001300242300003400255500009200289336000900381338001100390 aKieli b : The Deceased Asleep In The Wasteland Vol. 2cKabei, YukakohText a9786022107439 aCet. 1 aKabei, Yukako aTeshirogi, Shiori aKomik Jepang a20230131083414 aJakartabGramedia Pustaka Utamac2012 aIndonesia a741.5592 a... jil. :bilus. ;c17,5 cm. aJudul asli : Kieli Shishatachi Wa Koya Ni Nemeru Vol. 2Diterjemahkan dari bahasa Jepang atext avolume